Fighting Forces, Writing Women: (Record no. 4535)
[ view plain ]
| 000 -LEADER | |
|---|---|
| fixed length control field | 00509nam a2200193Ia 4500 |
| 005 - DATE AND TIME OF LATEST TRANSACTION | |
| control field | 20250205005323.0 |
| 008 - FIXED-LENGTH DATA ELEMENTS--GENERAL INFORMATION | |
| fixed length control field | 240331s9999 xx 000 0 und d |
| 020 ## - INTERNATIONAL STANDARD BOOK NUMBER | |
| ISBN | 0415047056 |
| 082 ## - DDC Classification | |
| Item Number - Author Mark | OUD |
| DDC Edition Number | 3811 |
| Class No. | 305.4 |
| 100 ## - MAIN ENTRY--PERSONAL NAME | |
| Personal name | Ouditt, S |
| 245 #0 - TITLE STATEMENT | |
| Title | Fighting Forces, Writing Women: |
| Remainder of title | Identity and Ideology in the First World War |
| 260 ## - PUBLICATION, DISTRIBUTION, ETC. | |
| Place of publication, distribution, etc. | London; |
| -- | New York |
| Name of publisher, distributor, etc. | Routledge |
| Date of publication, distribution, etc. | 1994 |
| 300 ## - PHYSICAL DESCRIPTION | |
| Extent (e.g. Volumes, Pages etc.) | x, 246 p., |
| 650 ## - SUBJECT ADDED ENTRY--TOPICAL TERM | |
| Topical term or geographic name entry element | World War I |
| 650 ## - SUBJECT ADDED ENTRY--TOPICAL TERM | |
| Topical term or geographic name entry element | Women |
| 650 ## - SUBJECT ADDED ENTRY--TOPICAL TERM | |
| Topical term or geographic name entry element | History |
| 650 ## - SUBJECT ADDED ENTRY--TOPICAL TERM | |
| Topical term or geographic name entry element | Society |
| 942 ## - Koha item type (Biblio) | |
| Koha item type | Books in Stacks (Lending) |
| Lost status | Damaged status | Collection code | Home library | Current library | Shelving location | Date acquired | Full call number | Accession Number | Item type |
|---|---|---|---|---|---|---|---|---|---|
| Lending | WERC Library | WERC Library | Social Science Cupboard | 03/31/2024 | 305.4 OUD | 3811 | Books in Stacks (Lending) |
